000 00386nam a22001337a 4500
999 _c2026
_d2026
005 20230306182126.0
008 220809b ||||| |||| 00| 0 eng d
022 _a21419272
040 _aDLC
_cDLC
050 _aHC1055.A1
_bC35
245 _aCBN Journals of Applied Statistics
_bCBN Journals of Applied Statistics
260 _aAbuja
_bCBN
_cJune 2020
942 _2lcc
_cJNL
_eVolume 11, No 1